Statistiques concernant Orgueil et Préjugés : Personnages

Cliquez ici pour prendre le quiz!

Statistiques générales

  • Ce quiz a été pris 123 fois
  • Le résultat moyen est 14 sur 18

Statistiques - réponses

HintRéponse% Correct
Père aimant et pince-sans-rire, mais indolent ; complètement épuisé d'avoir cinq filles, et fatigué de la sottise de sa femme.Mr Bennet
93%
Très bavarde, peu réfléchie et inconséquente, prête à tout pour marier ses filles.Mrs Bennet
93%
Héroïne fine et intelligente, pleine d'humour et les pieds sur terre. A la recherche du bonheur mais pas si simple à conquérir.Elizabeth Bennet
92%
Très froid et souvent hautain au départ, mais mérite d'être mieux connu...Fitzwilliam Darcy
91%
Pasteur bavard, stupide et obséquieux, mais très imbu de lui-même.Mr Collins
90%
Jeune fille très belle, douce, raisonnable et gentille. Tombe éperdument amoureuse, mais pour toujoursJane Bennet
88%
Jeune homme charmant et séduisant, mais facilement influençable.Charles Bingley
86%
Très jeune écervelée frivole qui veut grandir trop vite.Lydia Bennet
84%
Cousins londoniens sympathiques, bienveillants et pleins de bon sens.Mr & Mrs Gardiner
81%
Jeune file assez frivole, suivant sa jeune sœur dans toutes ses bêtisesKitty Bennet
78%
Pragmatique et prête à consentir à un mariage de raison pour avoir une famille à elle.Charlotte Lucas
77%
Cousin bienveillant qui épouserait très volontiers l'héroïne, mais n'en a pas les moyens.Colonel Fitzwilliam
77%
Très jeune fille timide et vulnérable. Pianiste accomplie.Georgiana
73%
Jeune homme charmant et séduisant, mais il ne faut pas forcément s'y fier.George Wickham
72%
Jeune femme un peu pédante et bornée, voudrait être une virtuose au piano mais sans se rendre compte que c'est hors de sa portée.Mary Bennet
72%
Très hautaine et méprisante. Son rang lui sert d'autorisation pour tout oser.Lady Catherine de Bourgh
68%
Jeune femme palote et maladive, destinée depuis toujours à épouser son cousinAnne de Bourgh
65%
Jeune femme élégante.. mais intrigante et très acerbeCaroline Bingley
59%

Distribution des résultats

Percentile par nombre de réponses

% des personnes avec chaque résultat

Votre développement - résultats

Vous n’avez pas pris ce quiz